5HLuxD.jpg

KING HENRY VIII SENIOR AND PRIMARY SCHOOL LIBRARY OPAC

Young Samurai/The Way of the Warrior (Record no. 6127)

000 -LEADER
fixed length control field 00733nam a22001937a 4500
005 - DATE AND TIME OF LATEST TRANSACTION
control field 20260305110131.0
008 - FIXED-LENGTH DATA ELEMENTS--GENERAL INFORMATION
fixed length control field 260305b ||||| |||| 00| 0 eng d
020 ## - INTERNATIONAL STANDARD BOOK NUMBER
International Standard Book Number 9780141324302
040 ## - CATALOGING SOURCE
Transcribing agency KH8
082 ## - DEWEY DECIMAL CLASSIFICATION NUMBER
Classification number 823.92
100 ## - MAIN ENTRY--PERSONAL NAME
Personal name Bradford,Chris
Relator term Author
245 ## - TITLE STATEMENT
Title Young Samurai/The Way of the Warrior
260 ## - PUBLICATION, DISTRIBUTION, ETC.
Place of publication, distribution, etc. 80 Strand,London WC2R 0RL,England
Name of publisher, distributor, etc. Penguin Group
Date of publication, distribution, etc. 2008
300 ## - PHYSICAL DESCRIPTION
Extent 331 pages
Other physical details b illustration
Dimensions 13cm x 20cm
520 ## - SUMMARY, ETC.
Summary, etc. Orphaned by a ninja pirate attack off the coast of Japan in 1611, twelve-year-old English lad Jack Fletcher is determined to prove himself, despite the bullying of fellow students, -Library Thing-
650 ## - SUBJECT ADDED ENTRY--TOPICAL TERM
Topical term or geographic name entry element Juvenile Fiction
Form subdivision Samurai
655 ## - INDEX TERM--GENRE/FORM
Genre/form data or focus term Adventure
942 ## - ADDED ENTRY ELEMENTS (KOHA)
Source of classification or shelving scheme
Koha item type Books - Fiction
Holdings
Withdrawn status Lost status Source of classification or shelving scheme Damaged status Not for loan Collection code Permanent Location Current Location Shelving location Date acquired Full call number Barcode Date last seen Price effective from Koha item type Public note
          Fiction KH8 Primary School Library KH8 Primary School Library Fiction 2026-03-05 823.92 BRA KHPL000008348 2026-03-05 2026-03-05 Books - Fiction PRIMARY LIBRARY

Powered By KH8 IT Dept